Statistics for U.S. Interstates Map Quiz

Click here to take the quiz!

General Stats

  • This quiz has been taken 1,446 times
  • The average score is 26 of 65

Answers on the Map

Answers color-coded by a green-red scale on the quiz's map according to % correct below.
 

Answer Stats

Answer% Correct
80
70%
70
69%
5
66%
90
66%
10
65%
20
65%
95
65%
4
63%
40
60%
15
59%
35
57%
25
55%
75
54%
55
51%
76
47%
65
46%
94
46%
8
45%
44
44%
64
44%
2
43%
81
43%
69
42%
85
41%
30
40%
84
39%
12
38%
29
37%
45
36%
77
36%
26
35%
11
34%
17
34%
86
34%
24
33%
96
33%
19
32%
27
32%
71
32%
78
32%
87
32%
93
32%
14
31%
16
31%
49
31%
82
31%
88
31%
57
30%
66
30%
68
30%
79
30%
91
30%
99
30%
74
29%
43
28%
59
28%
89
28%
37
27%
39
27%
41
26%
22
25%
72
25%
83
25%
97
23%
73
20%

Score Distribution

Percentile by Number Answered

Percent of People with Each Score

Your Score History

You have not taken this quiz